|
003 -Nazwa inst., której nr kontr. jest w polu 001 [,]
|
-
- @
- Nazwa instytucji, której n kontrolny jest w polu 001
- NUKAT
|
|
005 -DATA I CZAS OSTATNIEJ MODYFIKACJI [,]
|
-
- @
- pole kontrolne
- 20251001103102.0
|
|
020 -Międzynarod. znormalizowany nr książki - ISBN [ , ]
|
-
- a
- Numer ISBN
- 9788322645406
-
- q
- Dopowiedzenie
- (oprawa twarda) :
-
- c
- Terms of availability
- egzemplarz bezpłatny
|
|
020 -Międzynarod. znormalizowany nr książki - ISBN [ , ]
|
-
- z
- Błędny ISBN (P)
- 9788322645437
-
|
|
024 -Inne numery identyfikacyjne – DOI [7, ]
|
-
- a
- Numer DOI
- 10.31261/PN.4279
-
- 2
- Źródło numeru lub kodu
- doi
|
|
040 -Instytucja sporządzająca opis [ , ]
|
-
- a
- Instytucja, która sporządziła opis (NP)
- WA N
-
- c
- Instytucja, która sporządziła rekord (NP)
- WA N
-
- d
- Instytucja, która zmodyfikowała rekord (P)
- WA N
-
- d
- Instytucja, która zmodyfikowała rekord (P)
- KR U
|
|
041 -Język dokumentu [1, ]
|
-
- a
- Język tekstu (P)
- polski
-
- b
- Język streszczeń lub abstraktu (P)
- angielski
-
- b
- Język streszczeń lub abstraktu (P)
- włoski
-
- k
- Język tekstu przekładu pośredniego
- włoski
-
- h
- Język tekstu oryginalnego i/lub pośredniego (P)
- nieokreślone
|
|
942 -Rodzaj dokumentu [ , ]
|
-
- c
- Rodzaj dokumentu
- Książka
|
|
245 -Strefa tytułu i oznaczenia odpowiedzialności [1,0]
|
-
- a
- Tytuł
- Dusza Kalabrii /
-
- c
- Pozostałe elementy strefy tytułu i oznaczenia odpowiedzialności (NP)
- Kazimiera Alberti ; przekład Sandra Strugała, Małgorzata Ślarzyńska ; tłumaczenie przejrzał Marcin Wyrembelski ; wstęp, przypisy, indeksy osobowe oraz indeksy nazw geograficznych Mariusz Jochemczyk, Miłosz Piotrowiak, przy współudziale Janiny Janas.
|
|
246 -Wariant tytułu [1, ]
|
-
- i
- Tekst wyświetlany na ekranie monitora (NP)
- Tytuł oryginału:
-
- a
- Tytuł (NP)
- Anima della Calabria,
|
|
250 -Strefa wydania [ , ]
|
-
- a
- Oznaczenie wydania (NP)
- Wydanie I.
|
|
260 -Strefa adresu wydawniczego [ , ]
|
-
- a
- Miejsce wydania (P)
- Katowice :
-
- b
- Nazwa wydawcy (P)
- Wydawnictwo Uniwersytetu Śląskiego,
-
|
|
300 -Strefa opisu fizycznego [ , ]
|
-
- a
- Określenie formy książki i/lub objętość (NP)
- 389, [3] strony :
-
- b
- Oznaczenie ilustracji (NP)
- fotografie ;
-
|
|
336 -Typ zawartości [ , ]
|
-
- a
- Termin opisujący typ zawartości
- Tekst
-
- b
- Kod określający zawartość
- txt
-
- 2
- Źródło (terminu i kodu)
- rdacontent
|
|
337 -Typ mediów [ , ]
|
-
- a
- Tryb odtwarzania
- Bez urządzenia pośredniczącego
-
-
- 2
- Źródło (terminu i kodu)
- rdamedia
|
|
338 -Typ/rodzaj nośnika [ , ]
|
-
- a
- Hasło opisujące typ nośnika
- Wolumin
-
-
- 2
- Źródło (terminu i kodu)
- rdacarrier
|
|
380 -Deskryptor - Forma dzieła (P) [ , ]
|
-
- a
- forma dzieła (NP)
- Książki
|
|
380 -Deskryptor - Forma dzieła (P) [ , ]
|
-
- a
- forma dzieła (NP)
- Literatura faktu, eseje, publicystyka
|
|
386 -Deskryptor - przynależność kulturowa (P) [ , ]
|
-
- m
- Wyrażenie wprowadzające (NP)
- Przynależność kulturowa
-
- a
- Przynależność kulturowa (NP)
- Literatura włoska
|
|
388 -Deskryptor - czas powstania dzieła (P) [1, ]
|
-
- a
- Czas powstania dzieła (NP)
- 1901-2000
|
|
388 -Deskryptor - czas powstania dzieła (P) [1, ]
|
-
- a
- Czas powstania dzieła (NP)
- 1945-1989
|
|
700 -Hasło dodatkowe - nazwa osobowa [1, ]
|
-
- a
- Nazwa osobowa (NP)
- Strugała, Sandra.
-
- e
- Określenie rodzaju współpracy
- Tłumaczenie
-
|
|
700 -Hasło dodatkowe - nazwa osobowa [1, ]
|
-
- a
- Nazwa osobowa (NP)
- Ślarzyńska, Małgorzata
-
- d
- Daty biograficzne (NP)
- (1984- ).
-
- e
- Określenie rodzaju współpracy
- Tłumaczenie
-
|
|
700 -Hasło dodatkowe - nazwa osobowa [1, ]
|
-
- a
- Nazwa osobowa (NP)
- Wyrembelski, Marcin.
-
- e
- Określenie rodzaju współpracy
- Tłumaczenie
-
|
|
700 -Hasło dodatkowe - nazwa osobowa [1, ]
|
-
- a
- Nazwa osobowa (NP)
- Jochemczyk, Mariusz.
-
- e
- Określenie rodzaju współpracy
- Indeks
-
- e
- Określenie rodzaju współpracy
- Przypisy
-
- e
- Określenie rodzaju współpracy
- Wstęp
-
|
|
700 -Hasło dodatkowe - nazwa osobowa [1, ]
|
-
- a
- Nazwa osobowa (NP)
- Piotrowiak, Miłosz.
-
- e
- Określenie rodzaju współpracy
- Indeks
-
- e
- Określenie rodzaju współpracy
- Przypisy
-
- e
- Określenie rodzaju współpracy
- Wstęp
-
|
|
700 -Hasło dodatkowe - nazwa osobowa [1, ]
|
-
- a
- Nazwa osobowa (NP)
- Janas, Janina
-
- d
- Daty biograficzne (NP)
- (1951- ).
-
- e
- Określenie rodzaju współpracy
- Indeks
-
- e
- Określenie rodzaju współpracy
- Przypisy
-
- e
- Określenie rodzaju współpracy
- Wstęp
-
|
|
710 -Hasło dodatkowe - nazwa ciała zbiorowego [2, ]
|
-
- a
- Nazwa ciała zbiorowego lub nazwa geograficzna jako pierwszy element (NP)
- Uniwersytet Śląski (Katowice).
-
- b
- Nazwa jednostki podrzędnej (P)
- Wydawnictwo.
-
- e
- Rodzaj współpracy
- Wydawca
-
-
|